<?xml version="1.0" encoding="UTF-8"?>
<record
    xmlns:xsi="http://www.w3.org/2001/XMLSchema-instance"
    xsi:schemaLocation="http://www.loc.gov/MARC21/slim http://www.loc.gov/standards/marcxml/schema/MARC21slim.xsd"
    xmlns="http://www.loc.gov/MARC21/slim">

  <leader>00364nam a2200157Ia 4500</leader>
  <controlfield tag="003">OSt</controlfield>
  <controlfield tag="005">20251202112034.0</controlfield>
  <controlfield tag="008">170524s9999    xx            000 0 und d</controlfield>
  <datafield tag="020" ind1=" " ind2=" ">
    <subfield code="a">9789332585607</subfield>
  </datafield>
  <datafield tag="040" ind1=" " ind2=" ">
    <subfield code="c">IIMT UNIVERSITY</subfield>
  </datafield>
  <datafield tag="100" ind1=" " ind2=" ">
    <subfield code="a">MANO- M.M.</subfield>
  </datafield>
  <datafield tag="245" ind1=" " ind2="0">
    <subfield code="a">Computer System Architecture</subfield>
  </datafield>
  <datafield tag="260" ind1=" " ind2=" ">
    <subfield code="b">N. Delhi : P.H.I.</subfield>
  </datafield>
  <datafield tag="260" ind1=" " ind2=" ">
    <subfield code="c">2008</subfield>
  </datafield>
  <datafield tag="942" ind1=" " ind2=" ">
    <subfield code="2">ddc</subfield>
    <subfield code="c">02</subfield>
  </datafield>
  <datafield tag="999" ind1=" " ind2=" ">
    <subfield code="c">6322</subfield>
    <subfield code="d">6322</subfield>
  </datafield>
  <datafield tag="952" ind1=" " ind2=" ">
    <subfield code="0">0</subfield>
    <subfield code="1">0</subfield>
    <subfield code="2">ddc</subfield>
    <subfield code="4">0</subfield>
    <subfield code="7">0</subfield>
    <subfield code="a">01</subfield>
    <subfield code="b">01</subfield>
    <subfield code="d">2025-12-02</subfield>
    <subfield code="e">PHI</subfield>
    <subfield code="i">5474,31/01/2009</subfield>
    <subfield code="l">0</subfield>
    <subfield code="p">01-B-71333</subfield>
    <subfield code="r">2025-12-02</subfield>
    <subfield code="w">2025-12-02</subfield>
    <subfield code="y">02</subfield>
  </datafield>
  <datafield tag="952" ind1=" " ind2=" ">
    <subfield code="0">0</subfield>
    <subfield code="1">0</subfield>
    <subfield code="2">ddc</subfield>
    <subfield code="4">0</subfield>
    <subfield code="7">0</subfield>
    <subfield code="a">01</subfield>
    <subfield code="b">01</subfield>
    <subfield code="d">2025-12-02</subfield>
    <subfield code="e">PHI</subfield>
    <subfield code="i">5474,31/01/2009</subfield>
    <subfield code="l">0</subfield>
    <subfield code="p">01-B-71334</subfield>
    <subfield code="r">2025-12-02</subfield>
    <subfield code="w">2025-12-02</subfield>
    <subfield code="y">02</subfield>
  </datafield>
  <datafield tag="952" ind1=" " ind2=" ">
    <subfield code="0">0</subfield>
    <subfield code="1">0</subfield>
    <subfield code="2">ddc</subfield>
    <subfield code="4">0</subfield>
    <subfield code="7">0</subfield>
    <subfield code="a">01</subfield>
    <subfield code="b">01</subfield>
    <subfield code="d">2025-12-02</subfield>
    <subfield code="e">PHI</subfield>
    <subfield code="i">5474,31/01/2009</subfield>
    <subfield code="l">0</subfield>
    <subfield code="p">01-B-71335</subfield>
    <subfield code="r">2025-12-02</subfield>
    <subfield code="w">2025-12-02</subfield>
    <subfield code="y">02</subfield>
  </datafield>
  <datafield tag="952" ind1=" " ind2=" ">
    <subfield code="0">0</subfield>
    <subfield code="1">0</subfield>
    <subfield code="2">ddc</subfield>
    <subfield code="4">0</subfield>
    <subfield code="7">0</subfield>
    <subfield code="a">01</subfield>
    <subfield code="b">01</subfield>
    <subfield code="d">2025-12-02</subfield>
    <subfield code="e">PHI</subfield>
    <subfield code="i">5474,31/01/2009</subfield>
    <subfield code="l">0</subfield>
    <subfield code="p">01-B-71336</subfield>
    <subfield code="r">2025-12-02</subfield>
    <subfield code="w">2025-12-02</subfield>
    <subfield code="y">02</subfield>
  </datafield>
  <datafield tag="952" ind1=" " ind2=" ">
    <subfield code="0">0</subfield>
    <subfield code="1">0</subfield>
    <subfield code="2">ddc</subfield>
    <subfield code="4">0</subfield>
    <subfield code="7">0</subfield>
    <subfield code="a">01</subfield>
    <subfield code="b">01</subfield>
    <subfield code="d">2025-12-02</subfield>
    <subfield code="e">PHI</subfield>
    <subfield code="i">5474,31/01/2009</subfield>
    <subfield code="l">0</subfield>
    <subfield code="p">01-B-71337</subfield>
    <subfield code="r">2025-12-02</subfield>
    <subfield code="w">2025-12-02</subfield>
    <subfield code="y">02</subfield>
  </datafield>
  <datafield tag="952" ind1=" " ind2=" ">
    <subfield code="0">0</subfield>
    <subfield code="1">0</subfield>
    <subfield code="2">ddc</subfield>
    <subfield code="4">0</subfield>
    <subfield code="7">0</subfield>
    <subfield code="a">01</subfield>
    <subfield code="b">01</subfield>
    <subfield code="d">2025-12-02</subfield>
    <subfield code="e">PHI</subfield>
    <subfield code="i">5474,31/01/2009</subfield>
    <subfield code="l">0</subfield>
    <subfield code="p">01-B-71338</subfield>
    <subfield code="r">2025-12-02</subfield>
    <subfield code="w">2025-12-02</subfield>
    <subfield code="y">02</subfield>
  </datafield>
  <datafield tag="952" ind1=" " ind2=" ">
    <subfield code="0">0</subfield>
    <subfield code="1">0</subfield>
    <subfield code="2">ddc</subfield>
    <subfield code="4">0</subfield>
    <subfield code="7">0</subfield>
    <subfield code="a">01</subfield>
    <subfield code="b">01</subfield>
    <subfield code="d">2025-12-02</subfield>
    <subfield code="e">PHI</subfield>
    <subfield code="i">5474,31/01/2009</subfield>
    <subfield code="l">0</subfield>
    <subfield code="p">01-B-71339</subfield>
    <subfield code="r">2025-12-02</subfield>
    <subfield code="w">2025-12-02</subfield>
    <subfield code="y">02</subfield>
  </datafield>
  <datafield tag="952" ind1=" " ind2=" ">
    <subfield code="0">0</subfield>
    <subfield code="1">0</subfield>
    <subfield code="2">ddc</subfield>
    <subfield code="4">0</subfield>
    <subfield code="7">0</subfield>
    <subfield code="a">01</subfield>
    <subfield code="b">01</subfield>
    <subfield code="d">2025-12-02</subfield>
    <subfield code="e">PHI</subfield>
    <subfield code="i">5474,31/01/2009</subfield>
    <subfield code="l">0</subfield>
    <subfield code="p">01-B-71340</subfield>
    <subfield code="r">2025-12-02</subfield>
    <subfield code="w">2025-12-02</subfield>
    <subfield code="y">02</subfield>
  </datafield>
  <datafield tag="952" ind1=" " ind2=" ">
    <subfield code="0">0</subfield>
    <subfield code="1">0</subfield>
    <subfield code="2">ddc</subfield>
    <subfield code="4">0</subfield>
    <subfield code="7">0</subfield>
    <subfield code="a">01</subfield>
    <subfield code="b">01</subfield>
    <subfield code="d">2025-12-02</subfield>
    <subfield code="e">PHI</subfield>
    <subfield code="i">5474,31/01/2009</subfield>
    <subfield code="l">0</subfield>
    <subfield code="p">01-B-71341</subfield>
    <subfield code="r">2025-12-02</subfield>
    <subfield code="w">2025-12-02</subfield>
    <subfield code="y">02</subfield>
  </datafield>
  <datafield tag="952" ind1=" " ind2=" ">
    <subfield code="0">0</subfield>
    <subfield code="1">0</subfield>
    <subfield code="2">ddc</subfield>
    <subfield code="4">0</subfield>
    <subfield code="7">0</subfield>
    <subfield code="a">01</subfield>
    <subfield code="b">01</subfield>
    <subfield code="d">2025-12-02</subfield>
    <subfield code="e">PHI</subfield>
    <subfield code="i">5474,31/01/2009</subfield>
    <subfield code="l">0</subfield>
    <subfield code="p">01-B-71342</subfield>
    <subfield code="r">2025-12-02</subfield>
    <subfield code="w">2025-12-02</subfield>
    <subfield code="y">02</subfield>
  </datafield>
  <datafield tag="952" ind1=" " ind2=" ">
    <subfield code="0">0</subfield>
    <subfield code="1">0</subfield>
    <subfield code="2">ddc</subfield>
    <subfield code="4">0</subfield>
    <subfield code="7">0</subfield>
    <subfield code="a">01</subfield>
    <subfield code="b">01</subfield>
    <subfield code="d">2025-12-02</subfield>
    <subfield code="e">PHI</subfield>
    <subfield code="i">5474,31/01/2009</subfield>
    <subfield code="l">0</subfield>
    <subfield code="p">01-B-71343</subfield>
    <subfield code="r">2025-12-02</subfield>
    <subfield code="w">2025-12-02</subfield>
    <subfield code="y">02</subfield>
  </datafield>
  <datafield tag="952" ind1=" " ind2=" ">
    <subfield code="0">0</subfield>
    <subfield code="1">0</subfield>
    <subfield code="2">ddc</subfield>
    <subfield code="4">0</subfield>
    <subfield code="7">0</subfield>
    <subfield code="a">01</subfield>
    <subfield code="b">01</subfield>
    <subfield code="d">2025-12-02</subfield>
    <subfield code="e">PHI</subfield>
    <subfield code="i">5474,31/01/2009</subfield>
    <subfield code="l">0</subfield>
    <subfield code="p">01-B-71344</subfield>
    <subfield code="r">2025-12-02</subfield>
    <subfield code="w">2025-12-02</subfield>
    <subfield code="y">02</subfield>
  </datafield>
  <datafield tag="952" ind1=" " ind2=" ">
    <subfield code="0">0</subfield>
    <subfield code="1">0</subfield>
    <subfield code="2">ddc</subfield>
    <subfield code="4">0</subfield>
    <subfield code="7">0</subfield>
    <subfield code="a">01</subfield>
    <subfield code="b">01</subfield>
    <subfield code="d">2025-12-02</subfield>
    <subfield code="e">PHI</subfield>
    <subfield code="i">5474,31/01/2009</subfield>
    <subfield code="l">0</subfield>
    <subfield code="p">01-B-71345</subfield>
    <subfield code="r">2025-12-02</subfield>
    <subfield code="w">2025-12-02</subfield>
    <subfield code="y">02</subfield>
  </datafield>
  <datafield tag="952" ind1=" " ind2=" ">
    <subfield code="0">0</subfield>
    <subfield code="1">0</subfield>
    <subfield code="2">ddc</subfield>
    <subfield code="4">0</subfield>
    <subfield code="7">0</subfield>
    <subfield code="a">01</subfield>
    <subfield code="b">01</subfield>
    <subfield code="d">2025-12-02</subfield>
    <subfield code="e">PHI</subfield>
    <subfield code="i">5474,31/01/2009</subfield>
    <subfield code="l">0</subfield>
    <subfield code="p">01-B-71346</subfield>
    <subfield code="r">2025-12-02</subfield>
    <subfield code="w">2025-12-02</subfield>
    <subfield code="y">02</subfield>
  </datafield>
  <datafield tag="952" ind1=" " ind2=" ">
    <subfield code="0">0</subfield>
    <subfield code="1">0</subfield>
    <subfield code="2">ddc</subfield>
    <subfield code="4">0</subfield>
    <subfield code="7">0</subfield>
    <subfield code="a">01</subfield>
    <subfield code="b">01</subfield>
    <subfield code="d">2025-12-02</subfield>
    <subfield code="e">PHI</subfield>
    <subfield code="i">5474,31/01/2009</subfield>
    <subfield code="l">0</subfield>
    <subfield code="p">01-B-71347</subfield>
    <subfield code="r">2025-12-02</subfield>
    <subfield code="w">2025-12-02</subfield>
    <subfield code="y">02</subfield>
  </datafield>
  <datafield tag="952" ind1=" " ind2=" ">
    <subfield code="0">0</subfield>
    <subfield code="1">0</subfield>
    <subfield code="2">ddc</subfield>
    <subfield code="4">0</subfield>
    <subfield code="7">0</subfield>
    <subfield code="a">01</subfield>
    <subfield code="b">01</subfield>
    <subfield code="d">2025-12-02</subfield>
    <subfield code="e">PHI</subfield>
    <subfield code="i">5474,31/01/2009</subfield>
    <subfield code="l">0</subfield>
    <subfield code="p">01-B-71348</subfield>
    <subfield code="r">2025-12-02</subfield>
    <subfield code="w">2025-12-02</subfield>
    <subfield code="y">02</subfield>
  </datafield>
  <datafield tag="952" ind1=" " ind2=" ">
    <subfield code="0">0</subfield>
    <subfield code="1">0</subfield>
    <subfield code="2">ddc</subfield>
    <subfield code="4">0</subfield>
    <subfield code="7">0</subfield>
    <subfield code="a">01</subfield>
    <subfield code="b">01</subfield>
    <subfield code="d">2025-12-02</subfield>
    <subfield code="e">PHI</subfield>
    <subfield code="i">5474,31/01/2009</subfield>
    <subfield code="l">0</subfield>
    <subfield code="p">01-B-71349</subfield>
    <subfield code="r">2025-12-02</subfield>
    <subfield code="w">2025-12-02</subfield>
    <subfield code="y">02</subfield>
  </datafield>
  <datafield tag="952" ind1=" " ind2=" ">
    <subfield code="0">0</subfield>
    <subfield code="1">0</subfield>
    <subfield code="2">ddc</subfield>
    <subfield code="4">0</subfield>
    <subfield code="7">0</subfield>
    <subfield code="a">01</subfield>
    <subfield code="b">01</subfield>
    <subfield code="d">2025-12-02</subfield>
    <subfield code="e">PHI</subfield>
    <subfield code="i">5474,31/01/2009</subfield>
    <subfield code="l">0</subfield>
    <subfield code="p">01-B-71350</subfield>
    <subfield code="r">2025-12-02</subfield>
    <subfield code="w">2025-12-02</subfield>
    <subfield code="y">02</subfield>
  </datafield>
  <datafield tag="952" ind1=" " ind2=" ">
    <subfield code="0">0</subfield>
    <subfield code="1">0</subfield>
    <subfield code="2">ddc</subfield>
    <subfield code="4">0</subfield>
    <subfield code="7">0</subfield>
    <subfield code="a">01</subfield>
    <subfield code="b">01</subfield>
    <subfield code="d">2025-12-02</subfield>
    <subfield code="e">PHI</subfield>
    <subfield code="i">5474,31/01/2009</subfield>
    <subfield code="l">0</subfield>
    <subfield code="p">01-B-71351</subfield>
    <subfield code="r">2025-12-02</subfield>
    <subfield code="w">2025-12-02</subfield>
    <subfield code="y">02</subfield>
  </datafield>
  <datafield tag="952" ind1=" " ind2=" ">
    <subfield code="0">0</subfield>
    <subfield code="1">0</subfield>
    <subfield code="2">ddc</subfield>
    <subfield code="4">0</subfield>
    <subfield code="7">0</subfield>
    <subfield code="a">01</subfield>
    <subfield code="b">01</subfield>
    <subfield code="d">2025-12-02</subfield>
    <subfield code="e">PHI</subfield>
    <subfield code="i">5474,31/01/2009</subfield>
    <subfield code="l">0</subfield>
    <subfield code="p">01-B-71352</subfield>
    <subfield code="r">2025-12-02</subfield>
    <subfield code="w">2025-12-02</subfield>
    <subfield code="y">02</subfield>
  </datafield>
  <datafield tag="952" ind1=" " ind2=" ">
    <subfield code="0">0</subfield>
    <subfield code="1">0</subfield>
    <subfield code="2">ddc</subfield>
    <subfield code="4">0</subfield>
    <subfield code="7">0</subfield>
    <subfield code="a">01</subfield>
    <subfield code="b">01</subfield>
    <subfield code="d">2025-12-02</subfield>
    <subfield code="e">PHI</subfield>
    <subfield code="i">5474,31/01/2009</subfield>
    <subfield code="l">0</subfield>
    <subfield code="p">01-B-71353</subfield>
    <subfield code="r">2025-12-02</subfield>
    <subfield code="w">2025-12-02</subfield>
    <subfield code="y">02</subfield>
  </datafield>
  <datafield tag="952" ind1=" " ind2=" ">
    <subfield code="0">0</subfield>
    <subfield code="1">0</subfield>
    <subfield code="2">ddc</subfield>
    <subfield code="4">0</subfield>
    <subfield code="7">0</subfield>
    <subfield code="a">01</subfield>
    <subfield code="b">01</subfield>
    <subfield code="d">2025-12-02</subfield>
    <subfield code="e">PHI</subfield>
    <subfield code="i">5474,31/01/2009</subfield>
    <subfield code="l">0</subfield>
    <subfield code="p">01-B-71354</subfield>
    <subfield code="r">2025-12-02</subfield>
    <subfield code="w">2025-12-02</subfield>
    <subfield code="y">02</subfield>
  </datafield>
  <datafield tag="952" ind1=" " ind2=" ">
    <subfield code="0">0</subfield>
    <subfield code="1">0</subfield>
    <subfield code="2">ddc</subfield>
    <subfield code="4">0</subfield>
    <subfield code="7">0</subfield>
    <subfield code="a">01</subfield>
    <subfield code="b">01</subfield>
    <subfield code="d">2025-12-02</subfield>
    <subfield code="e">PHI</subfield>
    <subfield code="i">5474,31/01/2009</subfield>
    <subfield code="l">0</subfield>
    <subfield code="p">01-B-71355</subfield>
    <subfield code="r">2025-12-02</subfield>
    <subfield code="w">2025-12-02</subfield>
    <subfield code="y">02</subfield>
  </datafield>
  <datafield tag="952" ind1=" " ind2=" ">
    <subfield code="0">0</subfield>
    <subfield code="1">0</subfield>
    <subfield code="2">ddc</subfield>
    <subfield code="4">0</subfield>
    <subfield code="7">0</subfield>
    <subfield code="a">01</subfield>
    <subfield code="b">01</subfield>
    <subfield code="d">2025-12-02</subfield>
    <subfield code="e">PHI</subfield>
    <subfield code="i">5474,31/01/2009</subfield>
    <subfield code="l">0</subfield>
    <subfield code="p">01-B-71356</subfield>
    <subfield code="r">2025-12-02</subfield>
    <subfield code="w">2025-12-02</subfield>
    <subfield code="y">02</subfield>
  </datafield>
  <datafield tag="952" ind1=" " ind2=" ">
    <subfield code="0">0</subfield>
    <subfield code="1">0</subfield>
    <subfield code="2">ddc</subfield>
    <subfield code="4">0</subfield>
    <subfield code="7">0</subfield>
    <subfield code="a">01</subfield>
    <subfield code="b">01</subfield>
    <subfield code="d">2025-12-02</subfield>
    <subfield code="e">PHI</subfield>
    <subfield code="i">5474,31/01/2009</subfield>
    <subfield code="l">1</subfield>
    <subfield code="p">01-B-71357</subfield>
    <subfield code="r">2026-02-03</subfield>
    <subfield code="s">2025-12-02</subfield>
    <subfield code="w">2025-12-02</subfield>
    <subfield code="y">02</subfield>
  </datafield>
  <datafield tag="952" ind1=" " ind2=" ">
    <subfield code="0">0</subfield>
    <subfield code="1">0</subfield>
    <subfield code="2">ddc</subfield>
    <subfield code="4">0</subfield>
    <subfield code="7">0</subfield>
    <subfield code="a">01</subfield>
    <subfield code="b">01</subfield>
    <subfield code="d">2025-12-02</subfield>
    <subfield code="e">PHI</subfield>
    <subfield code="i">5474,31/01/2009</subfield>
    <subfield code="l">0</subfield>
    <subfield code="p">01-B-71358</subfield>
    <subfield code="r">2025-12-02</subfield>
    <subfield code="w">2025-12-02</subfield>
    <subfield code="y">02</subfield>
  </datafield>
  <datafield tag="952" ind1=" " ind2=" ">
    <subfield code="0">0</subfield>
    <subfield code="1">0</subfield>
    <subfield code="2">ddc</subfield>
    <subfield code="4">0</subfield>
    <subfield code="7">0</subfield>
    <subfield code="a">01</subfield>
    <subfield code="b">01</subfield>
    <subfield code="d">2025-12-02</subfield>
    <subfield code="e">PHI</subfield>
    <subfield code="i">5474,31/01/2009</subfield>
    <subfield code="l">0</subfield>
    <subfield code="p">01-B-71359</subfield>
    <subfield code="r">2025-12-02</subfield>
    <subfield code="w">2025-12-02</subfield>
    <subfield code="y">02</subfield>
  </datafield>
  <datafield tag="952" ind1=" " ind2=" ">
    <subfield code="0">0</subfield>
    <subfield code="1">0</subfield>
    <subfield code="2">ddc</subfield>
    <subfield code="4">0</subfield>
    <subfield code="7">0</subfield>
    <subfield code="a">01</subfield>
    <subfield code="b">01</subfield>
    <subfield code="d">2025-12-02</subfield>
    <subfield code="e">PHI</subfield>
    <subfield code="i">5474,31/01/2009</subfield>
    <subfield code="l">0</subfield>
    <subfield code="p">01-B-71360</subfield>
    <subfield code="r">2025-12-02</subfield>
    <subfield code="w">2025-12-02</subfield>
    <subfield code="y">02</subfield>
  </datafield>
  <datafield tag="952" ind1=" " ind2=" ">
    <subfield code="0">0</subfield>
    <subfield code="1">0</subfield>
    <subfield code="2">ddc</subfield>
    <subfield code="4">0</subfield>
    <subfield code="7">0</subfield>
    <subfield code="a">01</subfield>
    <subfield code="b">01</subfield>
    <subfield code="d">2025-12-02</subfield>
    <subfield code="e">PHI</subfield>
    <subfield code="i">5474,31/01/2009</subfield>
    <subfield code="l">0</subfield>
    <subfield code="p">01-B-71361</subfield>
    <subfield code="r">2025-12-02</subfield>
    <subfield code="w">2025-12-02</subfield>
    <subfield code="y">02</subfield>
  </datafield>
  <datafield tag="952" ind1=" " ind2=" ">
    <subfield code="0">0</subfield>
    <subfield code="1">0</subfield>
    <subfield code="2">ddc</subfield>
    <subfield code="4">0</subfield>
    <subfield code="7">0</subfield>
    <subfield code="a">01</subfield>
    <subfield code="b">01</subfield>
    <subfield code="d">2025-12-02</subfield>
    <subfield code="e">PHI</subfield>
    <subfield code="i">5474,31/01/2009</subfield>
    <subfield code="l">0</subfield>
    <subfield code="p">01-B-71362</subfield>
    <subfield code="r">2025-12-02</subfield>
    <subfield code="w">2025-12-02</subfield>
    <subfield code="y">02</subfield>
  </datafield>
  <datafield tag="952" ind1=" " ind2=" ">
    <subfield code="0">0</subfield>
    <subfield code="1">0</subfield>
    <subfield code="2">ddc</subfield>
    <subfield code="4">0</subfield>
    <subfield code="7">0</subfield>
    <subfield code="a">01</subfield>
    <subfield code="b">01</subfield>
    <subfield code="d">2025-12-02</subfield>
    <subfield code="e">PHI</subfield>
    <subfield code="i">5474,31/01/2009</subfield>
    <subfield code="l">1</subfield>
    <subfield code="p">01-B-71363</subfield>
    <subfield code="r">2026-01-28</subfield>
    <subfield code="s">2025-12-02</subfield>
    <subfield code="w">2025-12-02</subfield>
    <subfield code="y">02</subfield>
  </datafield>
  <datafield tag="952" ind1=" " ind2=" ">
    <subfield code="0">0</subfield>
    <subfield code="1">0</subfield>
    <subfield code="2">ddc</subfield>
    <subfield code="4">0</subfield>
    <subfield code="7">0</subfield>
    <subfield code="a">01</subfield>
    <subfield code="b">01</subfield>
    <subfield code="d">2025-12-02</subfield>
    <subfield code="e">PHI</subfield>
    <subfield code="i">5474,31/01/2009</subfield>
    <subfield code="l">1</subfield>
    <subfield code="p">01-B-71364</subfield>
    <subfield code="r">2026-02-05</subfield>
    <subfield code="s">2025-12-02</subfield>
    <subfield code="w">2025-12-02</subfield>
    <subfield code="y">02</subfield>
  </datafield>
  <datafield tag="952" ind1=" " ind2=" ">
    <subfield code="0">0</subfield>
    <subfield code="1">0</subfield>
    <subfield code="2">ddc</subfield>
    <subfield code="4">0</subfield>
    <subfield code="7">0</subfield>
    <subfield code="a">01</subfield>
    <subfield code="b">01</subfield>
    <subfield code="d">2025-12-02</subfield>
    <subfield code="e">PHI</subfield>
    <subfield code="i">5474,31/01/2009</subfield>
    <subfield code="l">1</subfield>
    <subfield code="p">01-B-71365</subfield>
    <subfield code="r">2026-01-22</subfield>
    <subfield code="s">2025-12-02</subfield>
    <subfield code="w">2025-12-02</subfield>
    <subfield code="y">02</subfield>
  </datafield>
  <datafield tag="952" ind1=" " ind2=" ">
    <subfield code="0">0</subfield>
    <subfield code="1">0</subfield>
    <subfield code="2">ddc</subfield>
    <subfield code="4">0</subfield>
    <subfield code="7">0</subfield>
    <subfield code="a">01</subfield>
    <subfield code="b">01</subfield>
    <subfield code="d">2025-12-02</subfield>
    <subfield code="e">PHI</subfield>
    <subfield code="i">5474,31/01/2009</subfield>
    <subfield code="l">0</subfield>
    <subfield code="p">01-B-71366</subfield>
    <subfield code="r">2025-12-02</subfield>
    <subfield code="w">2025-12-02</subfield>
    <subfield code="y">02</subfield>
  </datafield>
  <datafield tag="952" ind1=" " ind2=" ">
    <subfield code="0">0</subfield>
    <subfield code="1">0</subfield>
    <subfield code="2">ddc</subfield>
    <subfield code="4">0</subfield>
    <subfield code="7">0</subfield>
    <subfield code="a">01</subfield>
    <subfield code="b">01</subfield>
    <subfield code="d">2025-12-02</subfield>
    <subfield code="e">PHI</subfield>
    <subfield code="i">5474,31/01/2009</subfield>
    <subfield code="l">0</subfield>
    <subfield code="p">01-B-71367</subfield>
    <subfield code="r">2025-12-02</subfield>
    <subfield code="w">2025-12-02</subfield>
    <subfield code="y">02</subfield>
  </datafield>
  <datafield tag="952" ind1=" " ind2=" ">
    <subfield code="0">0</subfield>
    <subfield code="1">0</subfield>
    <subfield code="2">ddc</subfield>
    <subfield code="4">0</subfield>
    <subfield code="7">0</subfield>
    <subfield code="a">01</subfield>
    <subfield code="b">01</subfield>
    <subfield code="d">2025-12-02</subfield>
    <subfield code="e">PHI</subfield>
    <subfield code="i">5474,31/01/2009</subfield>
    <subfield code="l">0</subfield>
    <subfield code="p">01-B-71368</subfield>
    <subfield code="r">2025-12-02</subfield>
    <subfield code="w">2025-12-02</subfield>
    <subfield code="y">02</subfield>
  </datafield>
  <datafield tag="952" ind1=" " ind2=" ">
    <subfield code="0">0</subfield>
    <subfield code="1">0</subfield>
    <subfield code="2">ddc</subfield>
    <subfield code="4">0</subfield>
    <subfield code="7">0</subfield>
    <subfield code="a">01</subfield>
    <subfield code="b">01</subfield>
    <subfield code="d">2025-12-02</subfield>
    <subfield code="e">PHI</subfield>
    <subfield code="i">5474,31/01/2009</subfield>
    <subfield code="l">0</subfield>
    <subfield code="p">01-B-71369</subfield>
    <subfield code="r">2025-12-02</subfield>
    <subfield code="w">2025-12-02</subfield>
    <subfield code="y">02</subfield>
  </datafield>
  <datafield tag="952" ind1=" " ind2=" ">
    <subfield code="0">0</subfield>
    <subfield code="1">0</subfield>
    <subfield code="2">ddc</subfield>
    <subfield code="4">0</subfield>
    <subfield code="7">0</subfield>
    <subfield code="a">01</subfield>
    <subfield code="b">01</subfield>
    <subfield code="d">2025-12-02</subfield>
    <subfield code="e">PHI</subfield>
    <subfield code="i">5474,31/01/2009</subfield>
    <subfield code="l">0</subfield>
    <subfield code="p">01-B-71370</subfield>
    <subfield code="r">2025-12-02</subfield>
    <subfield code="w">2025-12-02</subfield>
    <subfield code="y">02</subfield>
  </datafield>
  <datafield tag="952" ind1=" " ind2=" ">
    <subfield code="0">0</subfield>
    <subfield code="1">0</subfield>
    <subfield code="2">ddc</subfield>
    <subfield code="4">0</subfield>
    <subfield code="7">0</subfield>
    <subfield code="a">01</subfield>
    <subfield code="b">01</subfield>
    <subfield code="d">2025-12-02</subfield>
    <subfield code="e">PHI</subfield>
    <subfield code="i">5474,31/01/2009</subfield>
    <subfield code="l">0</subfield>
    <subfield code="p">01-B-71371</subfield>
    <subfield code="r">2025-12-02</subfield>
    <subfield code="w">2025-12-02</subfield>
    <subfield code="y">02</subfield>
  </datafield>
  <datafield tag="952" ind1=" " ind2=" ">
    <subfield code="0">0</subfield>
    <subfield code="1">0</subfield>
    <subfield code="2">ddc</subfield>
    <subfield code="4">0</subfield>
    <subfield code="7">0</subfield>
    <subfield code="a">01</subfield>
    <subfield code="b">01</subfield>
    <subfield code="d">2025-12-02</subfield>
    <subfield code="e">PHI</subfield>
    <subfield code="i">5474,31/01/2009</subfield>
    <subfield code="l">0</subfield>
    <subfield code="p">01-B-71372</subfield>
    <subfield code="r">2025-12-02</subfield>
    <subfield code="w">2025-12-02</subfield>
    <subfield code="y">02</subfield>
  </datafield>
  <datafield tag="952" ind1=" " ind2=" ">
    <subfield code="0">0</subfield>
    <subfield code="1">0</subfield>
    <subfield code="2">ddc</subfield>
    <subfield code="4">0</subfield>
    <subfield code="7">0</subfield>
    <subfield code="a">01</subfield>
    <subfield code="b">01</subfield>
    <subfield code="d">2025-12-02</subfield>
    <subfield code="e">PHI</subfield>
    <subfield code="i">5474,31/01/2009</subfield>
    <subfield code="l">0</subfield>
    <subfield code="p">01-B-71373</subfield>
    <subfield code="r">2025-12-02</subfield>
    <subfield code="w">2025-12-02</subfield>
    <subfield code="y">02</subfield>
  </datafield>
  <datafield tag="952" ind1=" " ind2=" ">
    <subfield code="0">0</subfield>
    <subfield code="1">0</subfield>
    <subfield code="2">ddc</subfield>
    <subfield code="4">0</subfield>
    <subfield code="7">0</subfield>
    <subfield code="a">01</subfield>
    <subfield code="b">01</subfield>
    <subfield code="d">2025-12-02</subfield>
    <subfield code="e">PHI</subfield>
    <subfield code="i">5474,31/01/2009</subfield>
    <subfield code="l">0</subfield>
    <subfield code="p">01-B-71374</subfield>
    <subfield code="r">2025-12-02</subfield>
    <subfield code="w">2025-12-02</subfield>
    <subfield code="y">02</subfield>
  </datafield>
  <datafield tag="952" ind1=" " ind2=" ">
    <subfield code="0">0</subfield>
    <subfield code="1">0</subfield>
    <subfield code="2">ddc</subfield>
    <subfield code="4">0</subfield>
    <subfield code="7">0</subfield>
    <subfield code="a">01</subfield>
    <subfield code="b">01</subfield>
    <subfield code="d">2025-12-02</subfield>
    <subfield code="e">PHI</subfield>
    <subfield code="i">5474,31/01/2009</subfield>
    <subfield code="l">0</subfield>
    <subfield code="p">01-B-71375</subfield>
    <subfield code="r">2025-12-02</subfield>
    <subfield code="w">2025-12-02</subfield>
    <subfield code="y">02</subfield>
  </datafield>
  <datafield tag="952" ind1=" " ind2=" ">
    <subfield code="0">0</subfield>
    <subfield code="1">0</subfield>
    <subfield code="2">ddc</subfield>
    <subfield code="4">0</subfield>
    <subfield code="7">0</subfield>
    <subfield code="a">01</subfield>
    <subfield code="b">01</subfield>
    <subfield code="d">2025-12-02</subfield>
    <subfield code="e">PHI</subfield>
    <subfield code="i">5474,31/01/2009</subfield>
    <subfield code="l">0</subfield>
    <subfield code="p">01-B-71376</subfield>
    <subfield code="r">2025-12-02</subfield>
    <subfield code="w">2025-12-02</subfield>
    <subfield code="y">02</subfield>
  </datafield>
  <datafield tag="952" ind1=" " ind2=" ">
    <subfield code="0">0</subfield>
    <subfield code="1">0</subfield>
    <subfield code="2">ddc</subfield>
    <subfield code="4">0</subfield>
    <subfield code="7">0</subfield>
    <subfield code="a">01</subfield>
    <subfield code="b">01</subfield>
    <subfield code="d">2025-12-02</subfield>
    <subfield code="e">PHI</subfield>
    <subfield code="i">5474,31/01/2009</subfield>
    <subfield code="l">0</subfield>
    <subfield code="p">01-B-71377</subfield>
    <subfield code="r">2025-12-02</subfield>
    <subfield code="w">2025-12-02</subfield>
    <subfield code="y">02</subfield>
  </datafield>
  <datafield tag="952" ind1=" " ind2=" ">
    <subfield code="0">0</subfield>
    <subfield code="1">0</subfield>
    <subfield code="2">ddc</subfield>
    <subfield code="4">0</subfield>
    <subfield code="7">0</subfield>
    <subfield code="a">01</subfield>
    <subfield code="b">01</subfield>
    <subfield code="d">2025-12-02</subfield>
    <subfield code="e">PHI</subfield>
    <subfield code="i">5474,31/01/2009</subfield>
    <subfield code="l">1</subfield>
    <subfield code="p">01-B-71378</subfield>
    <subfield code="q">2026-01-30</subfield>
    <subfield code="r">2025-12-02</subfield>
    <subfield code="s">2025-12-02</subfield>
    <subfield code="w">2025-12-02</subfield>
    <subfield code="y">02</subfield>
  </datafield>
  <datafield tag="952" ind1=" " ind2=" ">
    <subfield code="0">0</subfield>
    <subfield code="1">0</subfield>
    <subfield code="2">ddc</subfield>
    <subfield code="4">0</subfield>
    <subfield code="7">0</subfield>
    <subfield code="a">01</subfield>
    <subfield code="b">01</subfield>
    <subfield code="d">2025-12-02</subfield>
    <subfield code="e">PHI</subfield>
    <subfield code="i">5474,31/01/2009</subfield>
    <subfield code="l">0</subfield>
    <subfield code="p">01-B-71379</subfield>
    <subfield code="r">2025-12-02</subfield>
    <subfield code="w">2025-12-02</subfield>
    <subfield code="y">02</subfield>
  </datafield>
  <datafield tag="952" ind1=" " ind2=" ">
    <subfield code="0">0</subfield>
    <subfield code="1">0</subfield>
    <subfield code="2">ddc</subfield>
    <subfield code="4">0</subfield>
    <subfield code="7">0</subfield>
    <subfield code="a">01</subfield>
    <subfield code="b">01</subfield>
    <subfield code="d">2025-12-02</subfield>
    <subfield code="e">PHI</subfield>
    <subfield code="i">5474,31/01/2009</subfield>
    <subfield code="l">0</subfield>
    <subfield code="p">01-B-71380</subfield>
    <subfield code="r">2025-12-02</subfield>
    <subfield code="w">2025-12-02</subfield>
    <subfield code="y">02</subfield>
  </datafield>
  <datafield tag="952" ind1=" " ind2=" ">
    <subfield code="0">0</subfield>
    <subfield code="1">0</subfield>
    <subfield code="2">ddc</subfield>
    <subfield code="4">0</subfield>
    <subfield code="7">0</subfield>
    <subfield code="a">01</subfield>
    <subfield code="b">01</subfield>
    <subfield code="d">2025-12-02</subfield>
    <subfield code="e">PHI</subfield>
    <subfield code="i">5474,31/01/2009</subfield>
    <subfield code="l">0</subfield>
    <subfield code="p">01-B-71381</subfield>
    <subfield code="r">2025-12-02</subfield>
    <subfield code="w">2025-12-02</subfield>
    <subfield code="y">02</subfield>
  </datafield>
  <datafield tag="952" ind1=" " ind2=" ">
    <subfield code="0">0</subfield>
    <subfield code="1">0</subfield>
    <subfield code="2">ddc</subfield>
    <subfield code="4">0</subfield>
    <subfield code="7">0</subfield>
    <subfield code="a">01</subfield>
    <subfield code="b">01</subfield>
    <subfield code="d">2025-12-02</subfield>
    <subfield code="e">PHI</subfield>
    <subfield code="i">5474,31/01/2009</subfield>
    <subfield code="l">0</subfield>
    <subfield code="p">01-B-71382</subfield>
    <subfield code="r">2025-12-02</subfield>
    <subfield code="w">2025-12-02</subfield>
    <subfield code="y">02</subfield>
  </datafield>
  <datafield tag="952" ind1=" " ind2=" ">
    <subfield code="0">0</subfield>
    <subfield code="1">0</subfield>
    <subfield code="2">ddc</subfield>
    <subfield code="4">0</subfield>
    <subfield code="7">0</subfield>
    <subfield code="a">01</subfield>
    <subfield code="b">01</subfield>
    <subfield code="d">2025-12-02</subfield>
    <subfield code="e">PHI</subfield>
    <subfield code="i">5474,31/01/2009</subfield>
    <subfield code="l">0</subfield>
    <subfield code="p">01-B-71383</subfield>
    <subfield code="r">2025-12-02</subfield>
    <subfield code="w">2025-12-02</subfield>
    <subfield code="y">02</subfield>
  </datafield>
  <datafield tag="952" ind1=" " ind2=" ">
    <subfield code="0">0</subfield>
    <subfield code="1">0</subfield>
    <subfield code="2">ddc</subfield>
    <subfield code="4">0</subfield>
    <subfield code="7">0</subfield>
    <subfield code="a">01</subfield>
    <subfield code="b">01</subfield>
    <subfield code="d">2025-12-02</subfield>
    <subfield code="e">PHI</subfield>
    <subfield code="i">5474,31/01/2009</subfield>
    <subfield code="l">0</subfield>
    <subfield code="p">01-B-71384</subfield>
    <subfield code="r">2025-12-02</subfield>
    <subfield code="w">2025-12-02</subfield>
    <subfield code="y">02</subfield>
  </datafield>
  <datafield tag="952" ind1=" " ind2=" ">
    <subfield code="0">0</subfield>
    <subfield code="1">0</subfield>
    <subfield code="2">ddc</subfield>
    <subfield code="4">0</subfield>
    <subfield code="7">0</subfield>
    <subfield code="a">01</subfield>
    <subfield code="b">01</subfield>
    <subfield code="d">2025-12-02</subfield>
    <subfield code="e">PHI</subfield>
    <subfield code="i">5474,31/01/2009</subfield>
    <subfield code="l">0</subfield>
    <subfield code="p">01-B-71385</subfield>
    <subfield code="r">2025-12-02</subfield>
    <subfield code="w">2025-12-02</subfield>
    <subfield code="y">02</subfield>
  </datafield>
  <datafield tag="952" ind1=" " ind2=" ">
    <subfield code="0">0</subfield>
    <subfield code="1">0</subfield>
    <subfield code="2">ddc</subfield>
    <subfield code="4">0</subfield>
    <subfield code="7">0</subfield>
    <subfield code="a">01</subfield>
    <subfield code="b">01</subfield>
    <subfield code="d">2025-12-02</subfield>
    <subfield code="e">PHI</subfield>
    <subfield code="i">5474,31/01/2009</subfield>
    <subfield code="l">0</subfield>
    <subfield code="p">01-B-71386</subfield>
    <subfield code="r">2025-12-02</subfield>
    <subfield code="w">2025-12-02</subfield>
    <subfield code="y">02</subfield>
  </datafield>
  <datafield tag="952" ind1=" " ind2=" ">
    <subfield code="0">0</subfield>
    <subfield code="1">0</subfield>
    <subfield code="2">ddc</subfield>
    <subfield code="4">0</subfield>
    <subfield code="7">0</subfield>
    <subfield code="a">01</subfield>
    <subfield code="b">01</subfield>
    <subfield code="d">2025-12-02</subfield>
    <subfield code="e">PHI</subfield>
    <subfield code="i">5474,31/01/2009</subfield>
    <subfield code="l">0</subfield>
    <subfield code="p">01-B-71387</subfield>
    <subfield code="r">2025-12-02</subfield>
    <subfield code="w">2025-12-02</subfield>
    <subfield code="y">02</subfield>
  </datafield>
  <datafield tag="952" ind1=" " ind2=" ">
    <subfield code="0">0</subfield>
    <subfield code="1">0</subfield>
    <subfield code="2">ddc</subfield>
    <subfield code="4">0</subfield>
    <subfield code="7">0</subfield>
    <subfield code="a">01</subfield>
    <subfield code="b">01</subfield>
    <subfield code="d">2025-12-02</subfield>
    <subfield code="e">PHI</subfield>
    <subfield code="i">5474,31/01/2009</subfield>
    <subfield code="l">0</subfield>
    <subfield code="p">01-B-71388</subfield>
    <subfield code="r">2025-12-02</subfield>
    <subfield code="w">2025-12-02</subfield>
    <subfield code="y">02</subfield>
  </datafield>
  <datafield tag="952" ind1=" " ind2=" ">
    <subfield code="0">0</subfield>
    <subfield code="1">0</subfield>
    <subfield code="2">ddc</subfield>
    <subfield code="4">0</subfield>
    <subfield code="7">0</subfield>
    <subfield code="a">01</subfield>
    <subfield code="b">01</subfield>
    <subfield code="d">2025-12-02</subfield>
    <subfield code="e">PHI</subfield>
    <subfield code="i">5474,31/01/2009</subfield>
    <subfield code="l">0</subfield>
    <subfield code="p">01-B-71389</subfield>
    <subfield code="r">2025-12-02</subfield>
    <subfield code="w">2025-12-02</subfield>
    <subfield code="y">02</subfield>
  </datafield>
  <datafield tag="952" ind1=" " ind2=" ">
    <subfield code="0">0</subfield>
    <subfield code="1">0</subfield>
    <subfield code="2">ddc</subfield>
    <subfield code="4">0</subfield>
    <subfield code="7">0</subfield>
    <subfield code="a">01</subfield>
    <subfield code="b">01</subfield>
    <subfield code="d">2025-12-02</subfield>
    <subfield code="e">PHI</subfield>
    <subfield code="i">5474,31/01/2009</subfield>
    <subfield code="l">0</subfield>
    <subfield code="p">01-B-71390</subfield>
    <subfield code="r">2025-12-02</subfield>
    <subfield code="w">2025-12-02</subfield>
    <subfield code="y">02</subfield>
  </datafield>
  <datafield tag="952" ind1=" " ind2=" ">
    <subfield code="0">0</subfield>
    <subfield code="1">0</subfield>
    <subfield code="2">ddc</subfield>
    <subfield code="4">0</subfield>
    <subfield code="7">0</subfield>
    <subfield code="a">01</subfield>
    <subfield code="b">01</subfield>
    <subfield code="d">2025-12-02</subfield>
    <subfield code="e">PHI</subfield>
    <subfield code="i">5474,31/01/2009</subfield>
    <subfield code="l">0</subfield>
    <subfield code="p">01-B-71391</subfield>
    <subfield code="r">2025-12-02</subfield>
    <subfield code="w">2025-12-02</subfield>
    <subfield code="y">02</subfield>
  </datafield>
  <datafield tag="952" ind1=" " ind2=" ">
    <subfield code="0">0</subfield>
    <subfield code="1">0</subfield>
    <subfield code="2">ddc</subfield>
    <subfield code="4">0</subfield>
    <subfield code="7">0</subfield>
    <subfield code="a">01</subfield>
    <subfield code="b">01</subfield>
    <subfield code="d">2025-12-02</subfield>
    <subfield code="e">PHI</subfield>
    <subfield code="i">5474,31/01/2009</subfield>
    <subfield code="l">0</subfield>
    <subfield code="p">01-B-71392</subfield>
    <subfield code="r">2025-12-02</subfield>
    <subfield code="w">2025-12-02</subfield>
    <subfield code="y">02</subfield>
  </datafield>
  <datafield tag="952" ind1=" " ind2=" ">
    <subfield code="0">0</subfield>
    <subfield code="1">0</subfield>
    <subfield code="2">ddc</subfield>
    <subfield code="4">0</subfield>
    <subfield code="7">0</subfield>
    <subfield code="a">01</subfield>
    <subfield code="b">01</subfield>
    <subfield code="d">2025-12-02</subfield>
    <subfield code="e">PHI</subfield>
    <subfield code="i">5474,31/01/2009</subfield>
    <subfield code="l">0</subfield>
    <subfield code="p">01-B-71393</subfield>
    <subfield code="r">2025-12-02</subfield>
    <subfield code="w">2025-12-02</subfield>
    <subfield code="y">02</subfield>
  </datafield>
  <datafield tag="952" ind1=" " ind2=" ">
    <subfield code="0">0</subfield>
    <subfield code="1">0</subfield>
    <subfield code="2">ddc</subfield>
    <subfield code="4">0</subfield>
    <subfield code="7">0</subfield>
    <subfield code="a">01</subfield>
    <subfield code="b">01</subfield>
    <subfield code="d">2025-12-02</subfield>
    <subfield code="e">PHI</subfield>
    <subfield code="i">5474,31/01/2009</subfield>
    <subfield code="l">0</subfield>
    <subfield code="p">01-B-71394</subfield>
    <subfield code="r">2025-12-02</subfield>
    <subfield code="w">2025-12-02</subfield>
    <subfield code="y">02</subfield>
  </datafield>
  <datafield tag="952" ind1=" " ind2=" ">
    <subfield code="0">0</subfield>
    <subfield code="1">0</subfield>
    <subfield code="2">ddc</subfield>
    <subfield code="4">0</subfield>
    <subfield code="7">0</subfield>
    <subfield code="a">01</subfield>
    <subfield code="b">01</subfield>
    <subfield code="d">2025-12-02</subfield>
    <subfield code="e">PHI</subfield>
    <subfield code="i">5474,31/01/2009</subfield>
    <subfield code="l">0</subfield>
    <subfield code="p">01-B-71395</subfield>
    <subfield code="r">2025-12-02</subfield>
    <subfield code="w">2025-12-02</subfield>
    <subfield code="y">02</subfield>
  </datafield>
  <datafield tag="952" ind1=" " ind2=" ">
    <subfield code="0">0</subfield>
    <subfield code="1">0</subfield>
    <subfield code="2">ddc</subfield>
    <subfield code="4">0</subfield>
    <subfield code="7">0</subfield>
    <subfield code="a">01</subfield>
    <subfield code="b">01</subfield>
    <subfield code="d">2025-12-02</subfield>
    <subfield code="e">PHI</subfield>
    <subfield code="i">5474,31/01/2009</subfield>
    <subfield code="l">0</subfield>
    <subfield code="p">01-B-71396</subfield>
    <subfield code="r">2025-12-02</subfield>
    <subfield code="w">2025-12-02</subfield>
    <subfield code="y">02</subfield>
  </datafield>
  <datafield tag="952" ind1=" " ind2=" ">
    <subfield code="0">0</subfield>
    <subfield code="1">0</subfield>
    <subfield code="2">ddc</subfield>
    <subfield code="4">0</subfield>
    <subfield code="7">0</subfield>
    <subfield code="a">01</subfield>
    <subfield code="b">01</subfield>
    <subfield code="d">2025-12-02</subfield>
    <subfield code="e">PHI</subfield>
    <subfield code="i">5474,31/01/2009</subfield>
    <subfield code="l">0</subfield>
    <subfield code="p">01-B-71397</subfield>
    <subfield code="r">2025-12-02</subfield>
    <subfield code="w">2025-12-02</subfield>
    <subfield code="y">02</subfield>
  </datafield>
  <datafield tag="952" ind1=" " ind2=" ">
    <subfield code="0">0</subfield>
    <subfield code="1">0</subfield>
    <subfield code="2">ddc</subfield>
    <subfield code="4">0</subfield>
    <subfield code="7">0</subfield>
    <subfield code="a">01</subfield>
    <subfield code="b">01</subfield>
    <subfield code="d">2025-12-02</subfield>
    <subfield code="e">PHI</subfield>
    <subfield code="i">5474,31/01/2009</subfield>
    <subfield code="l">1</subfield>
    <subfield code="p">01-B-71398</subfield>
    <subfield code="r">2026-01-22</subfield>
    <subfield code="s">2025-12-02</subfield>
    <subfield code="w">2025-12-02</subfield>
    <subfield code="y">02</subfield>
  </datafield>
  <datafield tag="952" ind1=" " ind2=" ">
    <subfield code="0">0</subfield>
    <subfield code="1">0</subfield>
    <subfield code="2">ddc</subfield>
    <subfield code="4">0</subfield>
    <subfield code="7">0</subfield>
    <subfield code="a">01</subfield>
    <subfield code="b">01</subfield>
    <subfield code="d">2025-12-02</subfield>
    <subfield code="e">PHI</subfield>
    <subfield code="i">5474,31/01/2009</subfield>
    <subfield code="l">0</subfield>
    <subfield code="p">01-B-71399</subfield>
    <subfield code="r">2025-12-02</subfield>
    <subfield code="w">2025-12-02</subfield>
    <subfield code="y">02</subfield>
  </datafield>
  <datafield tag="952" ind1=" " ind2=" ">
    <subfield code="0">0</subfield>
    <subfield code="1">0</subfield>
    <subfield code="2">ddc</subfield>
    <subfield code="4">0</subfield>
    <subfield code="7">0</subfield>
    <subfield code="a">01</subfield>
    <subfield code="b">01</subfield>
    <subfield code="d">2025-12-02</subfield>
    <subfield code="e">PHI</subfield>
    <subfield code="i">5474,31/01/2009</subfield>
    <subfield code="l">0</subfield>
    <subfield code="p">01-B-71400</subfield>
    <subfield code="r">2025-12-02</subfield>
    <subfield code="w">2025-12-02</subfield>
    <subfield code="y">02</subfield>
  </datafield>
  <datafield tag="952" ind1=" " ind2=" ">
    <subfield code="0">0</subfield>
    <subfield code="1">0</subfield>
    <subfield code="2">ddc</subfield>
    <subfield code="4">0</subfield>
    <subfield code="7">0</subfield>
    <subfield code="a">01</subfield>
    <subfield code="b">01</subfield>
    <subfield code="d">2025-12-02</subfield>
    <subfield code="e">PHI</subfield>
    <subfield code="i">5474,31/01/2009</subfield>
    <subfield code="l">0</subfield>
    <subfield code="p">01-B-71401</subfield>
    <subfield code="r">2025-12-02</subfield>
    <subfield code="w">2025-12-02</subfield>
    <subfield code="y">02</subfield>
  </datafield>
  <datafield tag="952" ind1=" " ind2=" ">
    <subfield code="0">0</subfield>
    <subfield code="1">0</subfield>
    <subfield code="2">ddc</subfield>
    <subfield code="4">0</subfield>
    <subfield code="7">0</subfield>
    <subfield code="a">01</subfield>
    <subfield code="b">01</subfield>
    <subfield code="d">2025-12-02</subfield>
    <subfield code="e">PHI</subfield>
    <subfield code="i">5474,31/01/2009</subfield>
    <subfield code="l">0</subfield>
    <subfield code="p">01-B-71402</subfield>
    <subfield code="r">2025-12-02</subfield>
    <subfield code="w">2025-12-02</subfield>
    <subfield code="y">02</subfield>
  </datafield>
  <datafield tag="952" ind1=" " ind2=" ">
    <subfield code="0">0</subfield>
    <subfield code="1">0</subfield>
    <subfield code="2">ddc</subfield>
    <subfield code="4">0</subfield>
    <subfield code="7">0</subfield>
    <subfield code="a">01</subfield>
    <subfield code="b">01</subfield>
    <subfield code="d">2025-12-02</subfield>
    <subfield code="e">PHI</subfield>
    <subfield code="i">5474,31/01/2009</subfield>
    <subfield code="l">0</subfield>
    <subfield code="p">01-B-71403</subfield>
    <subfield code="r">2025-12-02</subfield>
    <subfield code="w">2025-12-02</subfield>
    <subfield code="y">02</subfield>
  </datafield>
  <datafield tag="952" ind1=" " ind2=" ">
    <subfield code="0">0</subfield>
    <subfield code="1">0</subfield>
    <subfield code="2">ddc</subfield>
    <subfield code="4">0</subfield>
    <subfield code="7">0</subfield>
    <subfield code="a">01</subfield>
    <subfield code="b">01</subfield>
    <subfield code="d">2025-12-02</subfield>
    <subfield code="e">PHI</subfield>
    <subfield code="i">5474,31/01/2009</subfield>
    <subfield code="l">0</subfield>
    <subfield code="p">01-B-71404</subfield>
    <subfield code="r">2025-12-02</subfield>
    <subfield code="w">2025-12-02</subfield>
    <subfield code="y">02</subfield>
  </datafield>
  <datafield tag="952" ind1=" " ind2=" ">
    <subfield code="0">0</subfield>
    <subfield code="1">0</subfield>
    <subfield code="2">ddc</subfield>
    <subfield code="4">0</subfield>
    <subfield code="7">0</subfield>
    <subfield code="a">01</subfield>
    <subfield code="b">01</subfield>
    <subfield code="d">2025-12-02</subfield>
    <subfield code="e">PHI</subfield>
    <subfield code="i">5474,31/01/2009</subfield>
    <subfield code="l">0</subfield>
    <subfield code="p">01-B-71405</subfield>
    <subfield code="r">2025-12-02</subfield>
    <subfield code="w">2025-12-02</subfield>
    <subfield code="y">02</subfield>
  </datafield>
  <datafield tag="952" ind1=" " ind2=" ">
    <subfield code="0">0</subfield>
    <subfield code="1">0</subfield>
    <subfield code="2">ddc</subfield>
    <subfield code="4">0</subfield>
    <subfield code="7">0</subfield>
    <subfield code="a">01</subfield>
    <subfield code="b">01</subfield>
    <subfield code="d">2025-12-02</subfield>
    <subfield code="e">PHI</subfield>
    <subfield code="i">5474,31/01/2009</subfield>
    <subfield code="l">0</subfield>
    <subfield code="p">01-B-71406</subfield>
    <subfield code="r">2025-12-02</subfield>
    <subfield code="w">2025-12-02</subfield>
    <subfield code="y">02</subfield>
  </datafield>
  <datafield tag="952" ind1=" " ind2=" ">
    <subfield code="0">0</subfield>
    <subfield code="1">0</subfield>
    <subfield code="2">ddc</subfield>
    <subfield code="4">0</subfield>
    <subfield code="7">0</subfield>
    <subfield code="a">01</subfield>
    <subfield code="b">01</subfield>
    <subfield code="d">2025-12-02</subfield>
    <subfield code="e">PHI</subfield>
    <subfield code="i">5474,31/01/2009</subfield>
    <subfield code="l">0</subfield>
    <subfield code="p">01-B-71407</subfield>
    <subfield code="r">2025-12-02</subfield>
    <subfield code="w">2025-12-02</subfield>
    <subfield code="y">02</subfield>
  </datafield>
  <datafield tag="952" ind1=" " ind2=" ">
    <subfield code="0">0</subfield>
    <subfield code="1">0</subfield>
    <subfield code="2">ddc</subfield>
    <subfield code="4">0</subfield>
    <subfield code="7">0</subfield>
    <subfield code="a">01</subfield>
    <subfield code="b">01</subfield>
    <subfield code="d">2025-12-02</subfield>
    <subfield code="e">PHI</subfield>
    <subfield code="i">5474,31/01/2009</subfield>
    <subfield code="l">0</subfield>
    <subfield code="p">01-B-71408</subfield>
    <subfield code="r">2025-12-02</subfield>
    <subfield code="w">2025-12-02</subfield>
    <subfield code="y">02</subfield>
  </datafield>
  <datafield tag="952" ind1=" " ind2=" ">
    <subfield code="0">0</subfield>
    <subfield code="1">0</subfield>
    <subfield code="2">ddc</subfield>
    <subfield code="4">0</subfield>
    <subfield code="7">0</subfield>
    <subfield code="a">01</subfield>
    <subfield code="b">01</subfield>
    <subfield code="d">2025-12-02</subfield>
    <subfield code="e">PHI</subfield>
    <subfield code="i">5474,31/01/2009</subfield>
    <subfield code="l">0</subfield>
    <subfield code="p">01-B-71409</subfield>
    <subfield code="r">2025-12-02</subfield>
    <subfield code="w">2025-12-02</subfield>
    <subfield code="y">02</subfield>
  </datafield>
  <datafield tag="952" ind1=" " ind2=" ">
    <subfield code="0">0</subfield>
    <subfield code="1">0</subfield>
    <subfield code="2">ddc</subfield>
    <subfield code="4">0</subfield>
    <subfield code="7">0</subfield>
    <subfield code="a">01</subfield>
    <subfield code="b">01</subfield>
    <subfield code="d">2025-12-02</subfield>
    <subfield code="e">PHI</subfield>
    <subfield code="i">5474,31/01/2009</subfield>
    <subfield code="l">1</subfield>
    <subfield code="p">01-B-71410</subfield>
    <subfield code="r">2026-01-24</subfield>
    <subfield code="s">2025-12-02</subfield>
    <subfield code="w">2025-12-02</subfield>
    <subfield code="y">02</subfield>
  </datafield>
  <datafield tag="952" ind1=" " ind2=" ">
    <subfield code="0">0</subfield>
    <subfield code="1">0</subfield>
    <subfield code="2">ddc</subfield>
    <subfield code="4">0</subfield>
    <subfield code="7">0</subfield>
    <subfield code="a">01</subfield>
    <subfield code="b">01</subfield>
    <subfield code="d">2025-12-02</subfield>
    <subfield code="e">PHI</subfield>
    <subfield code="i">5474,31/01/2009</subfield>
    <subfield code="l">0</subfield>
    <subfield code="p">01-B-71411</subfield>
    <subfield code="r">2025-12-02</subfield>
    <subfield code="w">2025-12-02</subfield>
    <subfield code="y">02</subfield>
  </datafield>
  <datafield tag="952" ind1=" " ind2=" ">
    <subfield code="0">0</subfield>
    <subfield code="1">0</subfield>
    <subfield code="2">ddc</subfield>
    <subfield code="4">0</subfield>
    <subfield code="7">0</subfield>
    <subfield code="a">01</subfield>
    <subfield code="b">01</subfield>
    <subfield code="d">2025-12-02</subfield>
    <subfield code="e">PHI</subfield>
    <subfield code="i">5474,31/01/2009</subfield>
    <subfield code="l">0</subfield>
    <subfield code="p">01-B-71412</subfield>
    <subfield code="r">2025-12-02</subfield>
    <subfield code="w">2025-12-02</subfield>
    <subfield code="y">02</subfield>
  </datafield>
</record>
